000 01085nam a2200229 a 4500
001 BRL_1463
005 20190320211223.0
008 210114s1965----fr-o######---#000-0#fre-#
041 _afre
044 _afr
050 4 _aGT1747
_b.D46 1965
100 1 _aDemoulin-Bernard, Henriette
_927003
245 1 0 _aMasques
_bexposés dans L´Annexe du musée Guiment en décembre 1959, avec la collaboration de la section des Sciences religieuses de l´École pratique des Hautes Études et son Centre documentaire d´Histoire des Religions. Les commentaires accompagnant les photographies ont été empruntés au catalogue de l´expositions qui a été réalisée avec le concours de la Réunion de Musées Nationaux.
_cpar Henriette Demoulin-Bernard ; préface Roger Caillois ; photographies de Georges Pierre.
260 _aParis
_bOliver Perrin
_c1965
300 _a98 p.
_bil., fotografías (blanco y negro)
_c22 cm.
500 _aAu1792
650 1 4 _aMáscaras
_918335
700 1 _aCaillois, Roger
_927004
700 1 _aPierre, Georges
_eil.
_927005
902 _aGRL
942 _2lcc
_cB
999 _c10273
_d10273